000
00290nam a22001337a 4500
008
181008b xxu||||| |||| 00| 0 eng d
020
_a
9781574390568
041
_a
eng
080
_a
615
100
_a
5
101
_a
FAR
245
_a
Drug Interaction Facts
_c
Tatro,D.S
942
_2
udc
_c
BK
999
_c
49040
_d
49040